000 00737nam a2200241Ia 4500
003 OSt
005 20220926012130.0
006 a|||||r|||| 00| 0
007 ta
008 220923b |||||||| |||| 00| 0 eng d
037 _cGeneral Book
040 _aRTL
_cRTL
_beng
041 _2eng
_aeng
082 _aX61.1.N7, L7
100 _aCohen Benjamin J.
_936459
245 0 _aOrganizing the world's money
_b The political economy
260 _aNew York
_bBasic Books U. S. A.
_c1977
300 _ax, 310p.
_ccm.
490 _aPolitical Economy of International Relations
650 _aEconomics-Money-International
_9232453
942 _hX61.1.N7, L7
_cGB
_2CC
999 _c621804
_d621804